000 01841nam a2200421 a 4500
999 _c357818
_d357818
001 000000407696
003 IT-MiSPE
005 20180505174530.0
008 130513s2010 it 001 u ita d
020 _a9788870946390
040 _aIT-MiSPE
_bita
_dmv
_cIT-MiSPE
041 1 _aita
_alat
082 _a270.008-SCh.it ORI om (23110)
100 0 _aOrigenes,
_d184-253.
_956919
240 1 0 _aIn librum Iudicum homiliae IX.
_sVersioni.
_lLatino
245 1 0 _aOmelie sui Giudici :
_btesto della versione latina di Rufino /
_cOrigene ; introduzione, note e indice di Pierre Messié, Louis Neyrand, Marcel Borret ; traduzione italiana e aggiornamento di Riccardo Pane.
260 _aBologna :
_bEdizioni San Clemente :
_bEdizioni Studio domenicano,
_c2010.
300 _a253 p. ;
_c20 cm
490 1 _aSources chrétiennes.
_aEdizione italiana ;
_v009
500 _aTit. orig.: Homélies sur les Juges
504 _aBibliografia (p. 51-53) e indici
546 _aTraduzione italiana con testo latino a fronte
630 0 4 _aBiblia.
_pV.T.
_pIudicum
_xOmiletica latino.
_956920
655 7 _aPatrologia greca
_xOrigenes, 184-253.
_2local
_956921
655 7 _aSacra Scrittura. Studi sul Vecchio Testamento
_xPentateuco - Libri storici.
_2local
_956802
700 0 _aRufinus Tyrannius,
_dca.345-410.
_956922
700 1 _aMessié, Pierre,
_cs.j.,
_eed.
_956923
700 1 _aNeyrand, Louis,
_cs.j.,
_d1915-2012,
_eed.
_956924
700 1 _aBorret, Marcel,
_cs.j.,
_d1919-1993,
_eed.
_956925
700 1 _aPane, Riccardo,
_csac.,
_d1972-,
_etr.
_956926
730 0 2 _aHomélies sur les Juges.
_lItaliano.
_956927
830 0 _aSources chrétiennes.
_pEdizione italiana ;
_v009.
_956928
942 _2ddc
_cBK
990 1 0 _a90001a
_b70001ad